书目信息 |
| 题名: |
非线性泛函分析及其应用
|
|
| 作者: | 宰德勒 著 | |
| 分册: | 2A卷 | |
| 出版信息: | 北京 世界图书出版社 2009.08 |
|
| 页数: | 467页 | |
| 开本: | 22cm | |
| 丛书名: | ||
| 单 册: | ||
| 中图分类: | O177.91 | |
| 科图分类: | ||
| 主题词: | 数学分析 | |
| 电子资源: | ||
| ISBN: | 978-7-5100-0520-6 | |
| 000 | 00883 nam 000253 | |
| 001 | 0100010050 | |
| 005 | 20100803162445.79 | |
| 010 | @a978-7-5100-0520-6@dCNY69.00 | |
| 100 | @a20100731d1997 em y0chiy0121 ea | |
| 101 | @achi | |
| 102 | @aCN@b110000 | |
| 105 | @ay z 000yy | |
| 200 | 10 | @a非线性泛函分析及其应用@Afei xian xing fan han fen xi ji qi ying yong@h2A卷@f(德)宰德勒著@Fde zai de le zhu |
| 210 | @a北京@c世界图书出版社@d2009.08 | |
| 215 | @a467页@d22cm | |
| 330 | @a非线性泛函分析及其应用第2A卷《线性单调算子》主要目录简介:Preface to Part H/A、CHAPTER 18 VariationaJ Problems,the Ritz Method,and the Idea of Orthogonality等。 | |
| 410 | 0 | @12001 |
| 540 | @a非线性泛函分析及其应用 | |
| 606 | @a数学分析 | |
| 690 | @aO177.91@v4 | |
| 701 | 0 | @a宰德勒@Azai de le@4著 |
| 801 | @aCN@bDYGS@c20100803 | |
| 901 | @a210902 | |
| 905 | @b970841@dO177.91@eZ004:2@f1 | |
| 非线性泛函分析及其应用.2A卷/(德)宰德勒著.-北京:世界图书出版社,2009.08 |
| 467页;22cm |
| ISBN 978-7-5100-0520-6:CNY69.00 |
| 非线性泛函分析及其应用第2A卷《线性单调算子》主要目录简介:Preface to Part H/A、CHAPTER 18 VariationaJ Problems,the Ritz Method,and the Idea of Orthogonality等。 |
| ● |
| 相关链接 |
|
|
|
正题名:非线性泛函分析及其应用
索取号:O177.91/Z004:2
 
预约/预借
| 序号 | 登录号 | 条形码 | 馆藏地/架位号 | 状态 | 备注 |
| 1 | 970841 | 209708413 | 自科库401/401自科库 45排6列5层/ [索取号:O177.91/Z004:2] | 在馆 |